EToH Towers by Picture #1 - Statistics

General Stats
  • This quiz has been taken 394 times
  • The average score is 11 of 16
Answer Stats
Picture Answer % Correct
Tower of Hecc
99%
Tower of Confusion
89%
Tower of Inception
86%
Tower of Curved Ascent
84%
Tower of Really Nasty Ideas
78%
Tower of Table Flipping
75%
Tower of Pure Chroma
72%
Tower of Floral Fury
66%
Tower of Ultraviolet
66%
Tower of Cracked Crushed Cubes
62%
Tower of Twisted Inquisition
61%
Tower of White Space
60%
Tower of Mean Tasks
53%
Tower of Massive Overheating
52%
Tower of Fractal Volution
50%
Tower of Extraterrestrial Enchantment
43%
No matching quizzes found
Score Distribution
Percent of People with Each Score
Percentile by Number Answered
Your Score History
You have not taken this quiz